الرواد / (رقم التسجيلة. 33444)

تفاصيل مارك
000 -LEADER
fixed length control field 00540nam a22001817a 4500
005 - DATE AND TIME OF LATEST TRANSACTION
control field 20251108165852.0
008 - FIXED-LENGTH DATA ELEMENTS--GENERAL INFORMATION
fixed length control field 250721s1981 xx 000 0 ara d
082 14 - DEWEY DECIMAL CLASSIFICATION NUMBER
Classification number ط/910.4/روا
245 10 - TITLE STATEMENT
Title الرواد /
264 1# - PRODUCTION, PUBLICATION, DISTRIBUTION, MANUFACTURE, AND COPYRIGHT NOTICE
Place of production, publication, distribution, manufacture بيروت :
Name of producer, publisher, distributor, manufacturer مكدونلد الشرق الأوسط،
Date of production, publication, distribution, manufacture, or copyright notice 1981.
300 ## - PHYSICAL DESCRIPTION
Extent 24ص : مص
490 0# - SERIES STATEMENT
Series statement العالم بين يديك : في العهود القديمة
650 17 - SUBJECT ADDED ENTRY--TOPICAL TERM
Topical term or geographic name as entry element الرحلات و السفر
650 17 - SUBJECT ADDED ENTRY--TOPICAL TERM
Topical term or geographic name as entry element الأسفار
650 17 - SUBJECT ADDED ENTRY--TOPICAL TERM
Topical term or geographic name as entry element الرحالة
942 ## - ADDED ENTRY ELEMENTS (KOHA)
Source of classification or shelving scheme Dewey Decimal Classification
Koha item type كتب
المقتنيات
حالة السحب حالة الفقدان مصدر التصنيف حالة التلف غير قابل للإعارة المكتبة الرئيسية المكتبة الحالية موقع الرف تاريخ التزويد الرقم المتسلسل Total Checkouts رقم الإستدعاء تاريخ آخر ظهور تاريخ الفاتورة نوع المادة (كوها)
    Dewey Decimal Classification Unchecked   مكتبة النصر العامة مكتبة النصر العامة الأطفال 06/07/2004 3621   ط/910.4/روا 28/07/2025 06/07/2004 كتب
Implemented & Customized by: BBB with SCIT (Smart Chains for Information Technology)

Powered by Koha